Novelizácia IFRS 7 - rozšírenie požiadaviek na zverejnenie reálnej hodnoty a rizika likvidity
IASB vydala 5. marca 2009 novelizáciu IFRS 7 Finančné nástroje: zverejňovanie, ktorá je účinná spätne už od 1. januára 2009. Skoršia aplikácia je povolená, ale nie požadovaná. Informácia o aplikácii novely.
Uložené v:
| Hlavný autor: | |
|---|---|
| Ďalší autori: | |
| Médium: | Kapitola |
| Jazyk: | Slovak |
| Predmet: | |
| Tagy: |
Žiadne tagy, Buďte prvý, kto otaguje tento záznam!
|
MARC
| LEADER | 00000naa$a2200000$$$4500 | ||
|---|---|---|---|
| 001 | 0099082 | ||
| 005 | 20240502072106.6 | ||
| 041 | 0 | |a slo | |
| 044 | |a SK | ||
| 245 | 1 | 0 | |a Novelizácia IFRS 7 - rozšírenie požiadaviek na zverejnenie reálnej hodnoty a rizika likvidity |c Daša Mokošová, Libor Vašek |
| 520 | |a IASB vydala 5. marca 2009 novelizáciu IFRS 7 Finančné nástroje: zverejňovanie, ktorá je účinná spätne už od 1. januára 2009. Skoršia aplikácia je povolená, ale nie požadovaná. Informácia o aplikácii novely. | ||
| 610 | 2 | 0 | |a štandardy účtovné medzinárodné |
| 610 | 2 | 0 | |a harmonizácia |
| 610 | 2 | 0 | |a výkazy finančné |
| 610 | 2 | 0 | |a likvidita |
| 610 | 2 | 0 | |a novelizácia |
| 610 | 2 | 0 | |a nástroje finančné |
| 100 | 1 | |a Mokošová, Daša, 1979- | |
| 700 | 1 | |a Vašek, Libor | |